Anesthesia. (Record no. 27312)

MARC details
000 -LEADER
fixed length control field 00437nam a2200181Ia 4500
020 ## - INTERNATIONAL STANDARD BOOK NUMBER
ISBN 044308906X
050 ## - CALL MARK
Classification number RD 81 .A578/
245 #0 - TITLE STATEMENT
Title Anesthesia.
250 ## - EDITION / VOLUME STATEMENT
Edition / Volume statement 4th ed.
260 ## - PUBLICATION, DISTRIBUTION, ETC. (IMPRINT)
Place of publication New York
260 ## - PUBLICATION, DISTRIBUTION, ETC. (IMPRINT)
Name of publisher Churchill Livingstone
260 ## - PUBLICATION, DISTRIBUTION, ETC. (IMPRINT)
Year of publication 1994
300 ## - PHYSICAL DESCRIPTION
Number of Pages 2696 p
650 ## - SUBJECT ADDED ENTRY--TOPICAL TERM
Topical Term Anesthesia. Anestesiologia. Humans; Anaesthesia.
942 ## - ADDED ENTRY ELEMENTS (KOHA)
Koha item type Books
Holdings
Withdrawn status Lost status Source of classification or shelving scheme Damaged status Not for loan Permanent Location Current Location Date acquired Accession Number Price effective from Koha item type
    Library of Congress Classification     NILE UNIVERSITY OF NIGERIA - MAIN LIBRARY NILE UNIVERSITY OF NIGERIA - MAIN LIBRARY 04/23/2025 0184658 04/23/2025 Books